000 00713nam a2200193 a 4500
001 000007097
005 20250609133711.0
008 090904s1997 dr a 000 0 spa d
020 _a8460570002
040 _aDO-SdBNP
_bspa
_cBNPHU
082 _a398.961
_bC755q
245 0 0 _aConsejos que me dio mi padre :
_bmanual de aforismos /
_cselección y prólogo Antonio Thomen ; presentación César Mella Mejías.
250 _a2a. ed. Corregida y aumentada
260 _aSanto Domingo :
_bInstituto Dominicano de Bioconservación,
_c1997.
300 _avii, 84 p. :
_bil. ;
_c21 cm.
650 0 _xAforismos y apotegmas
_983268
700 1 _aThomen, Antonio,
_epról.
_919711
700 1 _aMella Mejías, César
_d1950-
_9210
999 _c6878
_d6878